Aristotle and the arabs: (Record no. 20307)

MARC details
000 -LEADER
fixed length control field 00539nam a22001937a 4500
003 - CONTROL NUMBER IDENTIFIER
control field BDDh-ASL
005 - DATE AND TIME OF LATEST TRANSACTION
control field 20231015025854.0
008 - FIXED-LENGTH DATA ELEMENTS--GENERAL INFORMATION
fixed length control field 201229s1968 ny ||||| |||| 00| 0 eng d
040 ## - CATALOGING SOURCE
Transcribing agency BDDh-ASL
082 ## - DEWEY DECIMAL CLASSIFICATION NUMBER
Classification number 297.01
Item number PEA
100 1# - MAIN ENTRY--PERSONAL NAME
9 (RLIN) 2642
Personal name Peters, F. E.
245 10 - TITLE STATEMENT
Title Aristotle and the arabs:
Remainder of title The aristotelian tradition in Islam /
260 ## - PUBLICATION, DISTRIBUTION, ETC.
Place of publication, distribution, etc. New York:
Name of publisher, distributor, etc. New Youk University Press,
Date of publication, distribution, etc. 1968.
300 ## - PHYSICAL DESCRIPTION
Extent 303 p.:
Dimensions 24 cm.
504 ## - BIBLIOGRAPHY, ETC. NOTE
Bibliography, etc. note Include Index
650 #0 - SUBJECT ADDED ENTRY--TOPICAL TERM
9 (RLIN) 1652
Topical term or geographic name entry element Islam
650 #0 - SUBJECT ADDED ENTRY--TOPICAL TERM
9 (RLIN) 2645
Topical term or geographic name entry element Aristotle
942 ## - ADDED ENTRY ELEMENTS (KOHA)
Source of classification or shelving scheme Dewey Decimal Classification
Koha item type Books
Holdings
Withdrawn status Lost status Source of classification or shelving scheme Damaged status Not for loan Collection code Home library Current library Shelving location Date acquired Source of acquisition Total Checkouts Full call number Barcode Date last seen Copy number Price effective from Koha item type
    Dewey Decimal Classification     Non-fiction Asiatic Society Library Asiatic Society Library General Stacks 12/29/2020 ASB Collection   297.01 PEA 103723 12/29/2020 C-1 12/29/2020 Books

Powered by Koha